00846nac a22002171u 4500010001600000082001700016090001500033100003400048245009600082260004200178300007200220500001500292500004100307504002000348650003500368650003300403700004800436942001900484999001500503952011000518 a 66073859 a616.15bB484 c3546d3546 a20080729 10aTreatment of haemophilia and other coagulation disorders /cRosemary Peyton Biggs. [editor] aOxford,bBlackwell Scientific,c1966. axvii, 391 p.billus., plates (incl. 1 col.) tables. diagrs.c23 cm. aDonations. aDonations - Bibliotheca Alexandrina. aIncludes Index. 0aHemophilia. [from old catalog] 0aBlood coagulation disorders.1 aMacFarlane, Robert Gwyn, [from old catalog] cBBk616.15B484 c3546d3546 00102ddc4070aMAINbMAINc1STd2007-04-29ePurchasel0o616.15 TREp000030300r2025-07-15 00:00:00yBB